| 000 | 00365nam a2200157Ia 4500 | ||
|---|---|---|---|
| 008 | 221030s9999 xx 000 0 und d | ||
| 041 | _aEnglish | ||
| 082 |
_a105.23 _bKat |
||
| 100 | _aM. Katyal | ||
| 245 | 0 | _aOutlines of Chemistry for Class XII | |
| 260 |
_bTMH _aNew Delhi _c1988 |
||
| 300 | _a412 | ||
| 650 | _aChemistry | ||
| 700 | _aR. P. Katyal | ||
| 942 | _cBK | ||
| 999 |
_c191 _d191 |
||